000 00406nam a22001697a 4500
003 koha_MIRAKIL
005 20241018104448.0
008 231213b |||||||| |||| 00| 0 ||| d
040 _aTR-IsEVY
_btur
_cTR-IsEVY
082 _a153.8 VOG
100 _aVOGEL, ELIZABETH.
245 0 _aDEALING WITH CHOICES.
260 _bThe Rosen,
_c2000
300 _a24.
650 _aİngiliz Dili.
942 _2ddc
_cBK
999 _c5678
_d5678